Matemática 10º ano: resumos das matérias
Salvato in:
| Autore principale: | |
|---|---|
| Altri autori: | |
| Natura: | Sconosciuto |
| Lingua: | portoghese |
| Pubblicazione: |
Porto
Asa
2001
|
| Edizione: | 3ª ed |
| Catalogo: | MANES: Risultati della ricerca del catalogo della biblioteca |
| Libro di testo Classificazione: |
|
| Serie: | O essencial 10º ano
|
| Tags: |
Aggiungi Tag
Nessun Tag, puoi essere il primo ad aggiungerne!!
|
| Aggiunto a: | 2016-04-26 |
| Cambiato in: | 2025-04-25 |
MARC
| LEADER | 000000000a22000000004500 | ||
|---|---|---|---|
| 001 | 28235 | ||
| 003 | OSt | ||
| 005 | 20250425111449.0 | ||
| 008 | 160427s pt ||||| |||| 00| 0 por d | ||
| 040 | |c centro_manes | ||
| 041 | 1 | |a por | |
| 100 | 1 | |a Borges, Carmen Rocha |9 15764 | |
| 245 | 0 | 0 | |a Matemática 10º ano: resumos das matérias |
| 250 | |a 3ª ed | ||
| 260 | 3 | |a Porto |b Asa |c 2001 | |
| 300 | |a 224 p.; |c 21 cm | ||
| 440 | |a O essencial 10º ano |9 15782 | ||
| 561 | |5 pt-BNP |a Portugal. Biblioteca Nacional de Portugal |k MANES | ||
| 690 | 0 | |a MATE | |
| 691 | |a SE | ||
| 700 | 1 | |a Fernandes, Ana Maria Pinto G. da C. |9 15765 | |
| 942 | |2 ddc |c BK | ||
| 546 | |a Portugal | ||
| 999 | |c 29697 |d 29697 | ||
| 999 | |c manes:29697 |d 29697 | ||